Loading...
| Fine Arts - Classical Music and Opera | 3 | 6 | 2 | 0 | 95 | 25 | 79.33 | 2 | 8 | 26.68 | 56.45 |
| Fine Arts - Other Arts | 2 | 1 | 1 | 0 | 35 | 51 | 85.00 | 2 | 2 | 8.40 | 17.26 |
| History - World | 0 | 3 | 0 | 0 | 30 | 83 | 100.33 | 1 | 2 | 5.08 | 11.77 |
| History - Ancient | 0 | 3 | 0 | 0 | 30 | 85 | 102.67 | 1 | 2 | 8.90 | 31.25 |
| History - American | 1 | 1 | 0 | 0 | 25 | 26 | 76.00 | 0 | 1 | 6.14 | 10.00 |
| Visual Arts | 0 | 3 | 2 | 0 | 20 | 90 | 102.67 | 0 | 1 | 5.02 | 15.80 |
| History - European | 0 | 2 | 0 | 1 | 20 | 109 | 129.50 | 0 | 1 | 1.38 | 7.14 |
| Literature - British | 0 | 1 | 0 | 0 | 10 | 112 | 112.00 | 0 | 0 | 1.84 | 5.00 |
| Literature - European | 0 | 1 | 0 | 0 | 10 | 126 | 126.00 | 0 | 0 | 0.80 | 4.55 |
| Beliefs | 0 | 1 | 0 | 0 | 10 | 103 | 103.00 | 0 | 1 | 1.27 | 3.00 |
| Philosophy | 0 | 0 | 1 | 0 | -5 | 0.00 | 0 | 0 | 0.00 | 0.00 |